00552nam a2200133Ia 4500008004100000100002500041245009500066245010700161260005300268260000900321300001200330650001500342856006100357170221s9999 xx 000 0 und d aRosman Bin Md Yusoff aRole of Integrity in the Success of Freelancing and Entrepreneurship: A Conceptual Review  cRosman Bin Md Yusoff, Abdul Ghafoor Kazi, Muzammil Muhammad Khan Arisar, Farhan Jamil, Sanil S. Hishan bInternational Review of Management and Marketing c2016 a15 : 11 xMarketing. uhttp://www.econjournals.com/index.php/irmm/issue/view/77